| 000 | 00736nam a2200253 i 4500 | ||
|---|---|---|---|
| 001 | 27016 | ||
| 003 | ES-MaACL | ||
| 005 | 20250809042450.0 | ||
| 007 | t| | ||
| 008 | 030113s1983 sp ||||1| spa d | ||
| 020 | _a84-86008-11-5 | ||
| 080 | _a1 Marx, Karl | ||
| 080 | _a342.7 | ||
| 100 | 1 |
_aAtienza, Manuel. _923738 |
|
| 245 | 1 | 0 |
_aMarx y los derechos humanos / _cManuel Atienza. |
| 250 | _a1ª ed. | ||
| 260 |
_a[Madrid] : _bMezquita, _c1983. |
||
| 300 |
_aVII, 280 p. ; _c19 cm. |
||
| 600 | 1 | 4 |
_aMarx, Karl, _d1818-1883- _xCrítica e interpretación _978591 |
| 650 | 7 |
_aDerechos humanos _2embne _911770 |
|
| 650 | 7 |
_aDerecho y socialismo _2embne _9148522 |
|
| 852 | 4 |
_aES-MaACL _jL-3959 |
|
| 999 |
_c27016 _d27016 |
||